| Tag |
First Indicator |
Second Indicator |
Subfields |
| LEADER |
00000cam a2200000 a 4500 |
| 001 |
in00000020535 |
| 005 |
20151007053943.0 |
| 008 |
870909s1987 inua b 00110 eng d |
| 010 |
|
|
|a 87070348
|
| 020 |
|
|
|a 0915202662
|
| 035 |
|
|
|a (OCoLC)16656186
|
| 035 |
|
|
|9 AAB3456AM
|
| 040 |
|
|
|a DMM
|c DMM
|d NGU
|d TXA
|d UtOrBLW
|
| 049 |
|
|
|a TXAM
|c [A11112655]
|
| 050 |
|
4 |
|a BF637.C6
|b V32 1987
|
| 100 |
1 |
|
|a Vacc, Nicholas A.
|
| 245 |
1 |
0 |
|a Counseling as a profession /
|c Nicholas A. Vacc, Larry C. Loesch.
|
| 264 |
|
1 |
|a Muncie, IN :
|b Accelerated Development,
|c [1987]
|
| 264 |
|
4 |
|c ©1987
|
| 300 |
|
|
|a xiv, 258 pages :
|b illustrations ;
|c 24 cm.
|
| 336 |
|
|
|a text
|b txt
|2 rdacontent
|
| 337 |
|
|
|a unmediated
|b n
|2 rdamedia
|
| 338 |
|
|
|a volume
|b nc
|2 rdacarrier
|
| 504 |
|
|
|a Bibliography: pages [231]-240.
|
| 500 |
|
|
|a Includes index.
|
| 650 |
|
0 |
|a Counseling
|x Vocational guidance.
|
| 700 |
1 |
|
|a Loesch, Larry C.
|
| 999 |
|
|
|a MARS
|
| 999 |
f |
f |
|s 41cea7b2-4c88-30c4-acc1-077709f21d9f
|i cb3eca85-1e2f-3dd7-850e-d1e7f14610fc
|t 0
|
| 952 |
f |
f |
|p ric
|a Texas A&M University
|b Rellis Campus
|c Joint Library Facility
|d Remote Storage
|t 0
|e BF637.C6 V32 1987
|h Library of Congress classification
|i unmediated -- volume
|m A14811112655
|
| 998 |
f |
f |
|a BF637.C6 V32 1987
|t 0
|l Remote Storage
|